Előszó
Elmentve itt :
| Szerző: | |
|---|---|
| Testületi szerző: | |
| Dokumentumtípus: | Könyv része |
| Megjelent: |
2003
|
| Sorozat: | Szakkollégiumi füzetek
3 Esélyegyenlőtlenségek a mai magyar társadalomban : konferenciakötet 3 |
| Kulcsszavak: | Esélyegyenlőtlenség - Magyarország - előszó |
| Tárgyszavak: | |
| Online Access: | http://acta.bibl.u-szeged.hu/5545 |
| LEADER | 00836naa a2200229 i 4500 | ||
|---|---|---|---|
| 001 | acta5545 | ||
| 005 | 20220119131510.0 | ||
| 008 | 161015s2003 hu o 0|| hun d | ||
| 022 | |a 1586-8036 | ||
| 040 | |a SZTE Egyetemi Kiadványok Repozitórium |b hun | ||
| 041 | |a hun | ||
| 100 | 1 | |a Körtvélyesi Zsolt | |
| 245 | 1 | 0 | |a Előszó |h [elektronikus dokumentum] / |c Körtvélyesi Zsolt |
| 260 | |c 2003 | ||
| 300 | |a 5 | ||
| 490 | 0 | |a Szakkollégiumi füzetek |v 3 | |
| 490 | 0 | |a Esélyegyenlőtlenségek a mai magyar társadalomban : konferenciakötet |v 3 | |
| 650 | 4 | |a Társadalomtudományok | |
| 650 | 4 | |a Szociológia | |
| 695 | |a Esélyegyenlőtlenség - Magyarország - előszó | ||
| 710 | |a Esélyegyenlőtlenségek a mai magyar társadalomban (2003) (Szeged) | ||
| 856 | 4 | 0 | |u http://acta.bibl.u-szeged.hu/5545/1/szakkol_003_005.pdf |z Dokumentum-elérés |